Diccionario para el pueblo: Republicano democrático, moral, político y filosófico

Zapisane w:
Opis bibliograficzny
1. autor: Espinosa, Juan (Autor)
Format: Książka
Język:hiszpański
Wydane: Lima Imprenta del Pueblo 1855
Wydanie:1a. ed
Hasła przedmiotowe:
Etykiety: Dodaj etykietę
Nie ma etykietki, Dołącz pierwszą etykiete!

MARC

LEADER 00000nam a2200000 a 4500
001 UCJ3686
003 CL-VaPUC
008 070124e18550000PE |||||||||||||||||spa|d
082 0 4 |a 321  |b ESP  |2 21 
100 0 |a Espinosa, Juan  |e author  |9 505920 
245 1 0 |a Diccionario para el pueblo: Republicano democrático, moral, político y filosófico 
250 |a 1a. ed 
300 |a 852 p 
942 |c BK 
945 |d 20070124 00:00:00  |a rinostro 
260 |a Lima  |b Imprenta del Pueblo  |c 1855 
650 7 |a DICCIONARIO  |2 CL-VaPUC  |9 505921 
650 0 |a Política  |9 255312 
650 0 |a Democracia  |9 255256 
650 0 |a Ética  |9 255099 
650 0 |a Gobierno   |9 255508 
650 0 |a Economía   |9 255568 
650 0 |a Educación  |9 258661 
650 0 |a Literatura  |9 259151 
650 0 |a Guerra  |9 255876 
650 0 |a Ciencias Políticas  |9 255201 
651 7 |a CHILE  |2 CL-VaPUC  |9 505922 
583 |a last modification  |c 20070124 00:00:00  |k Rodrigo Vera 
999 |c 319808  |d 319806 
952 |0 0  |1 0  |4 0  |6 321_000000000000000_ESP_1855  |7 0  |8 X  |9 398191  |a FDOBUD  |b FDOBUD  |d 2019-11-22  |i 1006991  |o 321 ESP 1855  |p 1006991  |r 2019-11-22  |w 2019-11-22  |y BK_X  |k BUD